The rise and fall of nations: (Record no. 180180)

MARC details
000 -LEADER
fixed length control field 00625nam a22001937a 4500
005 - DATE AND TIME OF LATEST TRANSACTION
control field 20210728113520.0
010 ## - LCCN (DPL NO)
LC control number B-740664
020 ## - INTERNATIONAL STANDARD BOOK NUMBER
International Standard Book Number 9780241188514
Terms of availability 750.00
035 ## - SYSTEM CONTROL NUMBER
System control number B-740664
037 ## - SOURCE OF ACQUISITION
Source of stock number/acquisition Gift
082 ## - DEWEY DECIMAL CLASSIFICATION NUMBER
Classification number 330.9
100 ## - MAIN ENTRY--PERSONAL NAME
Personal name Sharma, Ruchir
245 ## - TITLE STATEMENT
Title The rise and fall of nations:
Remainder of title forces of change in the post-crisis world
Statement of responsibility, etc by Ruchir Sharma
260 ## - PUBLICATION, DISTRIBUTION, ETC. (IMPRINT)
Name of publisher, distributor, etc Penguin Group
Date of publication, distribution, etc 2016
300 ## - PHYSICAL DESCRIPTION
Extent xii, 464p.
Dimensions 24cm(Hb)
500 ## - GENERAL NOTE
General note includes bibliographical references and index
942 ## - ADDED ENTRY ELEMENTS (KOHA)
Source of classification or shelving scheme Dewey Decimal Classification
Item type English Books
Classification part 330.9
Call number suffix SHA
Holdings
Withdrawn status Lost status Not for loan Collection code Home library Current library Date acquired Source of acquisition Cost, normal purchase price Full call number Barcode Copy number Cost, replacement price Koha item type Public note
      Non-fiction Central Library Central Library 28/07/2021 Gift/Eng/07-07-2021 750.00 330.9 SHA B-740664 1 750.00 English Books Gift

© Delhi Public Library
Hit Counter
free hit counter